Statistics for Biggest Trading Partners - Austria

Click here to take the quiz!

General Stats

  • This quiz has been taken 100 times
  • The average score is 19 of 20

Answer Stats

Imports Answer % Correct
66.31 bilGermany
100%
5.25 bilChina
99%
3.86 bilFrance
98%
4.45 bilUnited Kingdom
98%
9.23 bilItaly
97%
8.83 bilSwitzerland
97%
3.61 bilUnited States of America
97%
4.11 bilHungary
91%
4.49 bilPoland
91%
6.27 bilNetherlands
87%
3.95 bilSlovakia
87%
6.91 bilCzech Republic
86%

Score Distribution

Percentile by Number Answered

Percent of People with Each Score

Your Score History

You have not taken this quiz